| 000 | 00439nam a2200145Ia 4500 | ||
|---|---|---|---|
| 008 | 231217s9999 xx 000 0 und d | ||
| 041 | _aEnglish | ||
| 082 | _a001.64404 WHI;1 `R' | ||
| 100 | _aWhittmann, Ralph Zitterbart, Martina | ||
| 245 | 0 | _aMulticast communications: Protocols and applications | |
| 260 |
_c2001 _bNew Delhi : Harcourt India, |
||
| 300 | _axvii+349 | ||
| 650 | _aMulticast communications, Protocols | ||
| 942 | _cAA | ||
| 999 |
_c168142 _d168142 |
||